000 00460nam a2200181Ia 4500
008 151202s9999||||xx |||||||||||||| ||und||
082 _bPNVM-83082
100 _aENID BLYTON.
245 _aShock for the secret seven.
260 _bHODDER & STOUGHTON.
260 _c1988
300 _a152
600 _aENID BLYTON.
630 _aShock for the secret seven.
700 _aENID BLYTON.
730 _aShock for the secret seven.
942 _cBOOK
999 _c1347771
_d1347768